Enseigner la Shoah à l'âge démocratique : Quels enjeux ? (notice n° 2141085)

détails MARC
000 -LEADER
fixed length control field 01045cam a2200133 4500500
005 - DATE AND TIME OF LATEST TRANSACTION
control field 20260405024746.0
041 ## - LANGUAGE CODE
Language code of text/sound track or separate title fre
042 ## - AUTHENTICATION CODE
Authentication code dc
100 10 - MAIN ENTRY--PERSONAL NAME
Personal name Bossy, Jean-François
Relator term author
245 00 - TITLE STATEMENT
Title Enseigner la Shoah à l'âge démocratique : Quels enjeux ?
260 ## - PUBLICATION, DISTRIBUTION, ETC.
Name of publisher, distributor, etc. Armand Colin,<br/>
Date of publication, distribution, etc. 2007.<br/>
520 ## - SUMMARY, ETC.
Summary, etc. L’enseignement de la Shoah est devenu, en France et en Europe, un enjeu particulièrement sensible. Sa transmission à l’École reste à la fois un moment très fortement investi par les enseignants et les publics scolaires, et une sorte d’épreuve du feu de la relation pédagogique. Le présent ouvrage se donne comme une tentative de clarification et de distinction de ces différents enjeux entremêlés dans des pratiques scolaires spécifiques et difficiles, de manière à mettre en valeur l’intérêt désormais reconnu de la transmission, à l’école, de la mémoire du génocide.
856 41 - ELECTRONIC LOCATION AND ACCESS
Uniform Resource Identifier <a href="https://shs.cairn.info/enseigner-la-shoah-a-lage-democratique--9782200351243?lang=fr&redirect-ssocas=7080">https://shs.cairn.info/enseigner-la-shoah-a-lage-democratique--9782200351243?lang=fr&redirect-ssocas=7080</a>

Pas d'exemplaire disponible.

PLUDOC

PLUDOC est la plateforme unique et centralisée de gestion des bibliothèques physiques et numériques de Guinée administré par le CEDUST. Elle est la plus grande base de données de ressources documentaires pour les Étudiants, Enseignants chercheurs et Chercheurs de Guinée.

Adresse

627 919 101/664 919 101

25 boulevard du commerce
Kaloum, Conakry, Guinée

Réseaux sociaux

Powered by Netsen Group @ 2025